An uncertain glory : (Record no. 2423)

000 -LEADER
fixed length control field 02773cam a2200421 i 4500
001 - CONTROL NUMBER
control field 17763176
003 - CONTROL NUMBER IDENTIFIER
control field OSt
005 - DATE AND TIME OF LATEST TRANSACTION
control field 20180117085940.0
008 - FIXED-LENGTH DATA ELEMENTS--GENERAL INFORMATION
fixed length control field 130604t20132013njuab b 001 0 eng d
010 ## - LIBRARY OF CONGRESS CONTROL NUMBER
LC control number 2013942038
020 ## - INTERNATIONAL STANDARD BOOK NUMBER
International Standard Book Number 9780691160795
020 ## - INTERNATIONAL STANDARD BOOK NUMBER
International Standard Book Number 0691160791
035 ## - SYSTEM CONTROL NUMBER
System control number (OCoLC)ocn846540422
040 ## - CATALOGING SOURCE
Original cataloging agency BTCTA
Language of cataloging eng
Transcribing agency BTCTA
Description conventions rda
Modifying agency YDXCP
-- MLY
-- COD
-- OBE
-- ILC
-- BDX
-- CDX
-- DLC
042 ## - AUTHENTICATION CODE
Authentication code lccopycat
043 ## - GEOGRAPHIC AREA CODE
Geographic area code a-ii---
050 00 - LIBRARY OF CONGRESS CALL NUMBER
Classification number HC435
Item number .D69 2013
082 04 - DEWEY DECIMAL CLASSIFICATION NUMBER
Classification number 338.9/54
Edition number 23
100 1# - MAIN ENTRY--PERSONAL NAME
Personal name Drèze, Jean,
Relator term author.
245 13 - TITLE STATEMENT
Title An uncertain glory :
Remainder of title India and its contradictions /
Statement of responsibility, etc. Jean Drèze and Amartya Sen.
246 30 - VARYING FORM OF TITLE
Title proper/short title India and its contradictions
300 ## - PHYSICAL DESCRIPTION
Extent xiii, 433 pages :
Other physical details illustrations, map ;
Dimensions 24 cm
504 ## - BIBLIOGRAPHY, ETC. NOTE
Bibliography, etc. note Includes bibliographical references (pages 373-412) and indexes.
505 0# - FORMATTED CONTENTS NOTE
Formatted contents note A new India? -- Integrating growth and development -- India in comparative perspective -- Accountability and corruption -- The centrality of education -- India's health care crisis -- Poverty and social support -- The grip of inequality -- Democracy, inequality and public reasoning -- The need for impatience.
520 ## - SUMMARY, ETC.
Summary, etc. When India became independent in 1947 after two centuries of colonial rule, it immediately adopted a firmly democratic political system, with multiple parties, freedom of speech, and extensive political rights. Maintaining rapid as well as environmentally sustainable growth remains an important and achievable goal for India. Two of India's leading economists argue that the country's main problems lie in the lack of attention paid to the essential needs of the people, especially of the poor, and often of women. In the long run, even the feasibility of high economic growth is threatened by the underdevelopment of social and physical infrastructure and the neglect of human capabilities.
650 #0 - SUBJECT ADDED ENTRY--TOPICAL TERM
Topical term or geographic name entry element Economic development
Geographic subdivision India
General subdivision History.
651 #0 - SUBJECT ADDED ENTRY--GEOGRAPHIC NAME
Geographic name India
General subdivision Economic conditions
Chronological subdivision 1947-
651 #0 - SUBJECT ADDED ENTRY--GEOGRAPHIC NAME
Geographic name India
General subdivision Social conditions
Chronological subdivision 1947-
700 1# - ADDED ENTRY--PERSONAL NAME
Personal name Sen, Amartya,
Dates associated with a name 1933-
Relator term author.
856 42 - ELECTRONIC LOCATION AND ACCESS
Materials specified Contributor biographical information
Uniform Resource Identifier <a href="http://www.loc.gov/catdir/enhancements/fy1404/2013942038-b.html">http://www.loc.gov/catdir/enhancements/fy1404/2013942038-b.html</a>
856 42 - ELECTRONIC LOCATION AND ACCESS
Materials specified Publisher description
Uniform Resource Identifier <a href="http://www.loc.gov/catdir/enhancements/fy1404/2013942038-d.html">http://www.loc.gov/catdir/enhancements/fy1404/2013942038-d.html</a>
856 41 - ELECTRONIC LOCATION AND ACCESS
Materials specified Table of contents only
Uniform Resource Identifier <a href="http://www.loc.gov/catdir/enhancements/fy1404/2013942038-t.html">http://www.loc.gov/catdir/enhancements/fy1404/2013942038-t.html</a>
906 ## - LOCAL DATA ELEMENT F, LDF (RLIN)
a 7
b cbc
c copycat
d 2
e epcn
f 20
g y-gencatlg
942 ## - ADDED ENTRY ELEMENTS (KOHA)
Source of classification or shelving scheme
Koha item type Book
Holdings
Withdrawn status Lost status Source of classification or shelving scheme Damaged status Not for loan Collection code Permanent Location Current Location Shelving location Date acquired Total Checkouts Full call number Barcode Date last seen Price effective from Koha item type
            Central Library (CL) Central Library (CL) General Stacks 06/26/2015   338.9/54 DRE S3H-S-237 06/26/2015 06/26/2015 Book
© 2023 Central Library, National University of Sciences and Technology. All Rights Reserved.